00653nam a2200217Ia 4500008004100000020001600041040001400057082001900071100002100090245002800111260003500139300001800174365002600192366000800218505002200226530003000248620007100278630002800349650003000377730002800407100315s9999 xx 000 0 und d a333126203  cENGLISH  b10130 a337  a"Sodersten, Bo " aINTERNATIONAL ECONOMICS aLondon bMacmillan  c1970  a"xvii,554  " eRupees d1 b0.00  f0  gVaibhav Gaikwad  bDonated By RBI Library   a"International Economics, International Trade, Income, RBI Book " aINTERNATIONAL ECONOMICS aInternational Economics  aINTERNATIONAL ECONOMICS